000 00383nam a2200157Ia 4500
005 20250603144602.0
008 250603s9999 xx 000 0 und d
020 _a9781954081024
050 _aNA 2795 .B53/
100 _aEdited by Bonner, Jennifer and Kara Hanif
245 0 _aBlank
260 _bApplied Research and Design
260 _c2023
300 _a180 p
942 _cBK
999 _c39359
_d39359